Návrh aplikácie vybraných metód a nástrojov pri zlepšovaní kvality kritických výrobkov v rámci projektu JD

Enregistré dans:
Détails bibliographiques
Auteur principal: Prekopová, Katarína, 1985- (Auteur)
Autres auteurs: Mĺkva, Miroslava, 1969- (Directeur de thèse)
Format: Manuscrit Livre
Langue:slovaque
Publié: Trnava : STU v Bratislave MTF UPMK, 2012
Sujets:
Accès en ligne:VAIS
Tags: Ajouter un tag
Pas de tags, Soyez le premier à ajouter un tag!

MARC

LEADER 00000ntm a22000003a 4500
001 stu251076
005 20150617230204.5
008 120719s2012----xo------------------slo-d
040 |a STU  |b slo 
041 0 |a slo 
044 |a xo 
100 1 |a Prekopová, Katarína,  |d 1985-  |4 aut  |u M  |T MTF Materiálovotechnologická fakulta  |X 32788  |U M  |Y 60  |7 A000032788 
242 0 0 |a Application design of selected methods and tools for improving the quylity of products in critical project JD  |y eng 
245 1 |a Návrh aplikácie vybraných metód a nástrojov pri zlepšovaní kvality kritických výrobkov v rámci projektu JD 
260 |a Trnava :  |b STU v Bratislave MTF UPMK,  |c 2012 
300 |a 74s  |c CD ROM 
650 7 |a inžinierstvo kvality produkcie  |2 stusub 
650 7 |a Engineering of Production Quality  |2 estusub 
650 7 |a quality  |2 estusub 
650 7 |a nástroje  |2 stusub 
650 7 |a kvalita  |2 stusub 
700 1 |a Mĺkva, Miroslava,  |d 1969-  |4 ths  |u M4000  |U MTF Materiálovotechnologická fakulta  |T MTF Ústav priemyselného inžinierstva a manažmentu  |X 4176  |U M4000  |Y 84  |7 A000004176 
856 4 |a info a plný text  |u http://is.stuba.sk/zp/portal_zp.pl?podrobnosti=80032  |3 VAIS 
996 |c M*DP-10785  |l MMSKP  |s P  |a 0  |w stu251076_0001